| 000 | 00590nam a2200217 i 4500 | ||
|---|---|---|---|
| 001 | 75478 | ||
| 003 | ES-MaACL | ||
| 005 | 20231114062534.0 | ||
| 007 | t| | ||
| 008 | 040924s1986 sp ||||1| spa d | ||
| 020 | _a84-322-0304-1 | ||
| 100 | 1 |
_aGoytisolo, Juan. _959422 |
|
| 245 | 1 | 0 |
_aSeñas de identidad / _cJuan Goytisolo. |
| 250 | _a5ª ed. | ||
| 260 |
_aBarcelona : _bSeix Barral, _c1986. |
||
| 300 |
_a333 p. ; _c20 cm. |
||
| 490 | 1 | _aBiblioteca breve | |
| 830 | 0 |
_aBiblioteca breve (Seix Barral) _9227188 |
|
| 852 |
_aES-MaACL _jL-11929 _bR.113837 |
||
| 999 |
_c75478 _d75478 |
||